Information systems - tool for changing our future

Využitie informačných systémov a rozširovanie portálov. Portály sú v súčasnosti rozširujúcim sa riešením prístupu k informačným systémom. Dotazník o využívaní informačných a komunikačných technológií v podnikoch agrárneho sektora. Najviac sa využívajú IT a KT na operatívne riadenie, internet najmä n...

Full description

Saved in:
Bibliographic Details
Main Author: Šilerová, Edita
Other Authors: Lang, Karol
Format: Book Chapter
Language:English
Subjects:
Tags: Add Tag
No Tags, Be the first to tag this record!

MARC

LEADER 00000naa$a2200000$$$4500
001 0050155
005 20231114071738.1
041 0 |a eng 
044 |a CZ 
245 1 0 |a Information systems - tool for changing our future  |c Edita Šilerová, Karol Lang 
520 |a Využitie informačných systémov a rozširovanie portálov. Portály sú v súčasnosti rozširujúcim sa riešením prístupu k informačným systémom. Dotazník o využívaní informačných a komunikačných technológií v podnikoch agrárneho sektora. Najviac sa využívajú IT a KT na operatívne riadenie, internet najmä na komunikáciu. IT a KT v agrárnom sektore sa stávajú jedným z dôležitých faktorov na získavanie podnikových zdrojov pozitívne ovplyvňujúcich zvyšovanie konkurencieschopnosti podnikov. 
610 2 0 |a systémy informačné 
610 2 0 |a technológie informačné 
610 2 0 |a technológie komunikačné 
610 2 0 |a internet 
610 2 0 |a podnik poľnohospodársky 
610 2 0 |a riadenie operatívne 
610 2 0 |a komunikácia 
610 2 0 |a konkurencieschopnosť 
100 1 |a Šilerová, Edita 
700 1 |a Lang, Karol